000 01123nam a2200289Ia 4500
003 OSt
005 20221005105420.0
006 a|||||r|||| 00| 0
007 ta
008 221004b |||||||| |||| 00| 0 hin d
020 _a9788120346468 (hbk)
_c295
024 _a4968
037 _b046, 28/06/2013, University Book House
_cTextual
040 _aCRL
_cCRL
_bhin
041 _2hin
_ahin
082 _aV2:2, 152P8;Q2
100 _aशर्मा, ब्रजकिशोर
245 0 _aभारत का संविधान
_b एक परिचय
246 _aBhārat kā sanvidhāna: ek parichaya
250 _aसंस्क 9
260 _aनई दिल्ली
_bपी एच आई लर्निंग भारत
_c2012
300 _a459पृ0
_ccm.
490 _aथ्ल्न्च् थ्ब् ळव्टम्त्छ।छब्म्
650 _aहिन्दी साहित्य
942 _hV2:2, 152P8;Q2
_cTEXL
_2cc
999 _c1015750
_d1015750